|
|
|
|
| LEADER |
00986nam a2200265 a 4500 |
| 001 |
GR-Patra14961 |
| 008 |
021002s1994 gr e b 000 0 eng d |
| 020 |
|
|
|a 0827362625
|
| 040 |
|
|
|a GrPaTEI
|b gre
|c GR-PaULI
|
| 040 |
|
|
|a GrPaTEI
|b gre
|c GR-PaULI
|
| 082 |
|
0 |
|a 615.58
|2 21
|
| 100 |
1 |
|
|a wolf robinson, zane
|
| 245 |
1 |
0 |
|a Medication errors :
|b The nursing experience /
|c Zane Robinson Wolf.
|
| 260 |
|
|
|a Albany :
|b Delmar,
|c c1994
|
| 300 |
|
|
|a xiv, 209σ.
|
| 490 |
1 |
|
|a Real Nursing series
|
| 504 |
|
|
|a Περιλαμβάνει βιβλιογραφικές παραπομπές
|
| 650 |
|
0 |
|a Medication errors
|
| 650 |
|
0 |
|a NURSING
|
| 710 |
0 |
|
|a Delmar
|
| 830 |
|
0 |
|1 00114962
|1 2001
|a Real nursing series
|
| 942 |
|
|
|2 ddc
|
| 952 |
|
|
|0 0
|1 0
|2 ddc
|4 0
|6 615_580000000000000_WOL
|7 0
|9 293822
|a LISK
|b LISK
|c ALF
|d 2021-01-17
|e 24
|f 0
|g 0.00
|l 0
|o 615.58 WOL
|p 92410018481
|r 2021-01-17 00:00:00
|t 1
|w 2021-01-17
|y BK15
|x 20021002 0 1
|x GrPaTEI
|
| 971 |
|
|
|a .b2662476x
|b 15-04-20
|c 23-09-16
|
| 999 |
|
|
|c 171745
|d 171745
|